000 00404nam a22001697a 4500
003 MPLRDC
005 20220104114457.0
008 210129b ||||| |||| 00| 0 eng d
082 _a601.92 LZT
100 _a李宗侗
245 _a中国史学史
_c
250 _a一版一刷
260 _a
_b中国友谊出版公司
_c1984
300 _b
650 _a中国史学史
942 _cBK
_o601.92 LZT
999 _c7781
_d7771